| 000 | 00560nam a22001817a 4500 | ||
|---|---|---|---|
| 005 | 20241106113510.0 | ||
| 010 | _aENG-142574 | ||
| 020 |
_c100.00 _a9789386755483 |
||
| 035 | _aEN-126106 | ||
| 037 | _bDBAD | ||
| 082 | _aS | ||
| 100 |
_aSridharan, Srinitha _973732 |
||
| 245 |
_aThe Last Ride/ _cBy Srinitha Sridharan |
||
| 260 |
_aChennai _bUnique Media Integrators _c2018 |
||
| 270 |
_bChennai _aNo.8, 6th Cross, 8th Main Road, Vaishnavi Nagar, Thirumullaivoyal _e600109 _mumi.infobooks@gmail.com |
||
| 300 |
_a111p. _c21cm(Pb) |
||
| 942 |
_2ddc _cEN _hS _mSRI |
||
| 999 |
_c206901 _d206901 |
||